000 00312nam a2200121Ia 4500
008 240731s9999 xx 000 0 und d
022 _a1944-3919
245 0 _aTheatre, Dance and Performance Training
260 _bRoutledge
856 _uhttps://www.tandfonline.com/loi/rtdp20
942 _2ddc
942 _cTFEJ
999 _c80131
_d80131
945 _a1
_bMadushi Gamage
_c1
_dMadushi Gamage